00401nam a2200145Ia 4500008004100000020001500041041000800056082001700064100002900081245006900110250000600179260005300185300000800238650000900246210716s1984 xx 000 0 und d a8185095787 aeng a005.133 CHII aChivers, I D;Clark, M W. aInteractive fortran 77: a hands on approach.bHands on approach. a1 aNew DelhibAffiliated East- West Press Ltdc1984 a231 aNone